000 00350 a2200121 4500
020 _a0673393976
050 _aRT84.5
_b.P47 1985
245 _aPerspectives on nursing theory /
_c Leslie H. Nicoll.
260 _aGlenview, Ill. :
_bScott, Foresman,
_c♭1986.
300 _axix, 602 p. :
_bill. ;
_c24 cm.
504 _aIncludes index.
942 _2lcc
_cBK
_n0
999 _c3116
_d3116